000 00947nam a2200229 u 4500
001 000343166
003 AM-YeHGA
005 20250618072135.0
008 040614s1975 ai r 000 0 arm d
040 _aAM-YeHGA
041 1 _aarm
_hbel
080 _aC(Բելոռ)
090 _aԳ-77
100 1 _aԳոնչարով, Նիկոլայ
245 1 0 _aԿարուսել :
_b[Մանկական բանաստեղծություններ] /
_cՆ. Գոնչարով; Թարգմ.՝ Գ. Օհանյան; Խմբ.՝ Գ.Գ. Բալասանյան.
260 _aԵրևան :
_bՀայաստան,
_c1975.
300 _a32 էջ :
_bնկ. ;
_c21 սմ.
650 1 4 _aԲելառուսական մանկական գրականություն
_xԲանաստեղծություն
700 1 _aՕհանյան, Գևորգ Սմբատի,
_d1935-
_eթարգմ.
_4trl
700 1 _aԲալասանյան, Գրիգոր Գրիգորի,
_d1919-2003
_eխմբ.
_4edt
_91913
090 _c131790
999 _c130425
_d130425